| 000 | 00392 a2200133 4500 | ||
|---|---|---|---|
| 001 | 92961 | ||
| 082 | _aPR 2401 | ||
| 090 |
_c44596 _d44597 |
||
| 100 | _aWaqas Akbar, Muhammad Zahid(Advisor) | ||
| 245 |
_aDEVELOPMENT OF A CDMA2000 BASED NETWORK PLANNING SOFTWARE FOR WIRELESS LOCAL LOOP _n61 'B' EC |
||
| 260 |
_aIslamabad _bNUST _c2005 |
||
| 300 | _aviii, 92p. | ||
| 500 | _aBE PROJECT REPORT | ||
| 942 |
_aCAE NUST _kPR 2401 |
||
| 999 |
_c328034 _d328034 |
||